[Event "Asian-ch Amateur"]
[Site "Isfahan"]
[Date "2016.11.13"]
[Round "3.8"]
[White "Kalantari, B."]
[Black "Valookolaei, Saeid"]
[Result "1-0"]
[WhiteElo "2067"]
[BlackElo "1909"]
[PlyCount "113"]
[EventDate "2016.11.12"]
[EventType "swiss"]
[EventRounds "9"]
[EventCountry "IRI"]
[SourceTitle "EXT 2024"]
[Source "ChessBase"]
[SourceDate "2023.10.10"]
[SourceVersion "1"]
[SourceVersionDate "2023.10.10"]
[SourceQuality "1"]

1. e4 d6 2. d4 g6 3. Nc3 Bg7 4. Nf3 c6 5. Be2 Nf6 6. 0-0 0-0 7. h3 Qc7 8. Be3 Rd8 9. Qc1 b5 10. a3 a6 11. Rd1 Bb7 12. Bh6 Nbd7 13. Bxg7 Kxg7 14. Qe3 Nb6 15. Qf4 c5 16. dxc5 Qxc5 17. Ne1 Nc4 18. Bxc4 Qxc4 19. f3 Bc8 20. Qe3 Be6 21. Rd4 Qc6 22. Rad1 Qb6 23. Qf2 Bc4 24. e5 Ne8 25. Ne4 Qc7 26. Qd2 Be6 27. exd6 Nxd6 28. Nxd6 exd6 29. Rxd6 Qa7+ 30. Qd4+ Qxd4+ 31. R1xd4 Rxd6 32. Rxd6 Kf6 33. f4 Ke7 34. Rd4 Rc8 35. c3 f6 36. Nc2 a5 37. Ne3 Rc5 38. Kf2 h6 39. Nf1 Bc8 40. Nd2 a4 41. Ne4 Rc7 42. Ng3 Rc5 43. Ne2 Be6 44. Re4 Kd6 45. Nd4 Bc4 46. Re8 Rc7 47. Rf8 f5 48. Rf6+ Kd5 49. Rxg6 Ke4 50. g3 Rd7 51. Rxh6 Kd3 52. Rf6 Kd2 53. Rxf5 Rb7 54. Nc6 Kc2 55. Na5 Rd7 56. Nxc4 bxc4 57. Rb5 1-0